Alle World Series-Gewinner seit 1980 im Baseball (MLB) - Statistiken

Allgemein
  • Dieses Quiz wurde 25 mal gespielt
    23 seit der letzten Aktualisierung
  • Das Durchschnittsergebnis liegt bei 36 aus 45
Antwortstatistiken
Jahr Sieger % Korrekt
1990 Cincinnati Reds
100%
1996 New York Yankees
100%
1998 New York Yankees
100%
1999 New York Yankees
100%
2000 New York Yankees
100%
2009 New York Yankees
100%
2004 Boston Red Sox
90%
2007 Boston Red Sox
90%
2013 Boston Red Sox
90%
2018 Boston Red Sox
90%
1980 Philadelphia Phillies
90%
2008 Philadelphia Phillies
90%
1992 Toronto Blue Jays
90%
1993 Toronto Blue Jays
90%
2016 Chicago Cubs
86%
2005 Chicago White Sox
86%
2020 Los Angeles Dodgers
86%
2017 Houston Astros
86%
2022 Houston Astros
86%
1981 Los Angeles Dodgers
86%
1988 Los Angeles Dodgers
86%
2024 Los Angeles Dodgers
86%
2025 Los Angeles Dodgers
86%
1986 New York Mets
86%
2010 San Francisco Giants
81%
2012 San Francisco Giants
81%
2014 San Francisco Giants
81%
2002 Anaheim Angels
76%
1983 Baltimore Orioles
76%
2001 Arizona Diamondbacks
71%
1997 Florida Marlins
67%
2003 Florida Marlins
67%
1985 Kansas City Royals
67%
2015 Kansas City Royals
67%
1987 Minnesota Twins
67%
1991 Minnesota Twins
67%
1989 Oakland Athletics
67%
2023 Texas Rangers
67%
1995 Atlanta Braves
62%
2021 Atlanta Braves
62%
1984 Detroit Tigers
62%
1982 St Louis Cardinals
62%
2006 St Louis Cardinals
62%
2011 St Louis Cardinals
62%
2019 Washington Nationals
62%
Keine übereinstimmenden Quizze gefunden
Verteilung der Resultate
Anzahl Personen mit jedem Resultat
Perzentil nach korrekt beantworteten Fragen
Ihre Resultats-Entwicklung
Sie haben dieses Quiz seit der letzten Aktualisierung nicht gespielt